000 00846nam a2200241Ia 4500
003 OSt
005 20220923225147.0
006 a|||||r|||| 00| 0
007 ta
008 220922b |||||||| |||| 00| 0 hin d
024 _a258,868
037 _cTextual
040 _aARTS
_cARTS
_bhin
041 _2hin
_ahin
082 _aX, 152L4
100 _aधीगरा, ईश्वर; गर्ग, बी0 के0
_9168444
245 0 _aअर्थशास्त्र के सिद्धान्त
246 _aArthashāstra ke siddhānta
260 _aदिल्ली
_b सुल्तान चन्द एण्ड सन्स
_c1974
650 _aअर्थशास्त्र
942 _hX, 152L4
_cTEXL
_2CC
999 _c376455
_d376455